Online marketing vizsgálata
Elmentve itt :
| Szerző: | |
|---|---|
| További közreműködők: | |
| Dokumentumtípus: | Szakdolgozat |
| Megjelent: |
2007
|
| Kulcsszavak: | Marketing Internet Online marketing Webáruházak |
| Tárgyszavak: | |
| Online Access: | http://diploma.bibl.u-szeged.hu/120404 |
| LEADER | 00759nta a2200241 i 4500 | ||
|---|---|---|---|
| 001 | dipl120404 | ||
| 005 | 20211124142307.0 | ||
| 008 | 211105s2007 hu om 0|| zxx d | ||
| 040 | |a SZTE Diploma Repozitórium |b hun | ||
| 041 | |a zxx | ||
| 100 | 1 | |a Asztalos Katalin | |
| 245 | 1 | 0 | |a Online marketing vizsgálata |h [elektronikus dokumentum] / |c Katalin Asztalos |
| 260 | |c 2007 | ||
| 650 | 4 | |a Gazdaságtudományok | |
| 650 | 4 | |a Social sciences | |
| 650 | 4 | |a Economics and business | |
| 650 | 4 | |a Business and management | |
| 695 | |a Marketing | ||
| 695 | |a Internet | ||
| 695 | |a Online marketing | ||
| 695 | |a Webáruházak | ||
| 700 | 1 | |a Badacsonyi Anna |e ths | |
| 856 | 4 | 0 | |u http://diploma.bibl.u-szeged.hu/id/eprint/120404/1/2007_asztalos_katalin.pdf |z Dokumentum-elérés |